Catakaṅkaḷin̲ cir̲appu. (Record no. 68632)
[ view plain ]
| 000 -LEADER | |
|---|---|
| fixed length control field | 00572cam a22002171 4500 |
| 001 - CONTROL NUMBER | |
| control field | sa 66002958 |
| 003 - CONTROL NUMBER IDENTIFIER | |
| control field | DLC |
| 005 - DATE AND TIME OF LATEST TRANSACTION | |
| control field | 20260227112232.0 |
| 008 - FIXED-LENGTH DATA ELEMENTS--GENERAL INFORMATION | |
| fixed length control field | 900122s1962 ii 000 0 tamo |
| 010 ## - LIBRARY OF CONGRESS CONTROL NUMBER | |
| LC control number | sa 66002958 |
| 035 ## - SYSTEM CONTROL NUMBER | |
| System control number | (OCoLC)20941336 |
| 040 ## - CATALOGING SOURCE | |
| Original cataloging agency | DLC |
| Transcribing agency | WaU |
| Modifying agency | DLC |
| 050 00 - LIBRARY OF CONGRESS CALL NUMBER | |
| Classification number | PL4758.2 |
| Item number | .J3 |
| 100 1# - MAIN ENTRY--PERSONAL NAME | |
| Personal name | Ceyarāman̲, Na. Vī. |
| Fuller form of name | (Nan̲n̲ilam Vīrappa), |
| Dates associated with a name | 1934- |
| 245 10 - TITLE STATEMENT | |
| Title | Catakaṅkaḷin̲ cir̲appu. |
| 260 ## - PUBLICATION, DISTRIBUTION, ETC. | |
| Date of publication, distribution, etc. | [1962] |
| 300 ## - PHYSICAL DESCRIPTION | |
| Extent | 207 p. |
| Dimensions | 19 cm. |
| 500 ## - GENERAL NOTE | |
| General note | In Tamil. |
| 504 ## - BIBLIOGRAPHY, ETC. NOTE | |
| Bibliography, etc. note | Bibliography : p. [205]-207. |
| 650 #0 - SUBJECT ADDED ENTRY--TOPICAL TERM | |
| Topical term or geographic name entry element | Tamil poetry. |
No items available.